00533nam a2200157Ia 4500008004100000082001500041100001800056245002200074260003300096300000800129630002200137730002200159942000900181999001900190952016600209100122s9999 xx 000 0 und d b19788a823 aWADEHOUSE P G aMONEY IN THE BANK bA HERBERT JENKINS BOOKc1963 a253 aMONEY IN THE BANK aMONEY IN THE BANK cBOOK c366065d366062 01104070aSVPPARLEbSVPPARLEd1974-01-17g40.00l0o19788pSVPPARLE-19788r2010-01-25 00:00:00v40.00w2010-01-25yBOOKz"7)रद्द, , General, Cancelled"